书目信息 |
| 题名: |
电子爱好者电子线路设计应用手册
|
|
| 作者: | 张友汉 主编 | |
| 分册: | ||
| 出版信息: | 福州 福建科学技术出版社 2000.07 |
|
| 页数: | 732页 | |
| 开本: | 29cm | |
| 丛书名: | ||
| 单 册: | ||
| 中图分类: | TN , TN702-62 | |
| 科图分类: | ||
| 主题词: | 电子电路 | |
| 电子资源: | ||
| ISBN: | 7-5335-1450-5 | |
| 000 | 00632nam0 2200205 45 | |
| 001 | 0352919185 | |
| 005 | 2003032514415917 | |
| 010 | @a7-5335-1450-5@dRMB 65.00 | |
| 100 | @a20030325d2000 km y0chiy0120 ea | |
| 101 | 0 | @achi |
| 102 | @aCN@b350000 | |
| 200 | 1 | @a电子爱好者电子线路设计应用手册@Adian zi ai hao zhe dian zi xian lu she ji ying yong shou ce@f张友汉主编@Fzhang you han zhu bian |
| 210 | @a福州@c福建科学技术出版社@d2000.07 | |
| 215 | @a732页@d29cm | |
| 606 | 0 | @a电子电路 |
| 690 | @aTN@v3 | |
| 690 | @aTN702-62@v4 | |
| 701 | 0 | @a张友汉@Azhang you han@4主编 |
| 801 | 0 | @aCN@bPFT@c20030325 |
| 905 | @a10447@dTN702-62@eZ230 | |
| 电子爱好者电子线路设计应用手册/张友汉主编.-福州:福建科学技术出版社,2000.07 |
| 732页;29cm |
| ISBN 7-5335-1450-5:RMB 65.00 |
| ● |
| 相关链接 |
|
|
|
正题名:电子爱好者电子线路设计应用手册
索取号:TN702-62/Z230
 
预约/预借
| 序号 | 登录号 | 条形码 | 馆藏地/架位号 | 状态 | 备注 |
| 1 | 367444 | 203674443 | 自科二线400A/400A自科库 5排1列6层/ [索取号:TN702-62/Z230] | 在馆 |